00476nam a2200181Ia 4500003000400000005001700004008004100021040000700062041000900069082001600078100005500094245007200149260002000221300001100241365001200252650001500264650001500279OSt20250915163128.0210719s1974 xx 000 0 und d cAL aTulu aT894.2 TAIY aK. N. Tailordಕೆ.ಎನ್. ಟೇಲರ್ aYer maltina tappu?b ಏರ್ ಮಲ್ತಿನ ತಪ್ಪು? aMangaluruc1974 a44bPB b1.5cRs aTulu Drama aTulu Drama